00363nam a2200121Ia 4500008004100000040001700041041001200058082001800070100002100088245008200109260003900191300001100230230917s9999||||xx |||||||||||||| ||und|| e103573aMAIN aEnglish a320.954 M697D aMitra, Subrata K 0aCulture and rationality: The politics of social change in post-colonial india aNew DelhibSage Publicationsc1999 a438 p.